000 01069nam a22003137a 4500
001 5328
003 FISKH
005 20241126122207.0
008 241126b cb ||||| |||| 00| 0 eng d
020 _a9780545292870
040 _aFISKH
_beng
_cFISKH
_dFISKH
050 _aPZ7.D75455
082 _a813.54
100 _aDowell, Frances O'Roark
245 _aThe Secret Language of Girls /
_cby Frances O'Roark Dowell
250 _aFirst Scholastic printing, September 2010
260 _aNew York :
_bScholastic ;
_c2004 .
300 _a247 pages :
_billustrations ;
_c20 cm .
490 _aSecret Language of Girls
_vBook 1
505 _aW
520 _aMarylin and Kate have been friends since nursery school, but when Marylin becomes a middle school cheerleader and Kate begins to develop other interests, their relationship is put to the test.
521 8 _a870
_bLexile
521 8 _aW
_bRaz-Plus
650 _afriendship
650 _acoming of age
700 _aSmith, Kristin
_edesigner
942 _2ddc
_cBK
_n0
999 _c5328
_d5328